الأساليب الكمية التطبيقية في إدارة الاعمال التآلف العلمي الثلاثي : الإدراة , بحوث العمليات , الإحصاء / (رقم التسجيلة. 117309)

تفاصيل مارك
000 -LEADER
fixed length control field 00720nam a22001817a 4500
005 - DATE AND TIME OF LATEST TRANSACTION
control field 20251108174746.0
008 - FIXED-LENGTH DATA ELEMENTS--GENERAL INFORMATION
fixed length control field 250721s2008 xx 000 0 ara d
082 14 - DEWEY DECIMAL CLASSIFICATION NUMBER
Classification number 658/بلد
100 1# - MAIN ENTRY--PERSONAL NAME
Personal name البلداوي، عبد الحميد عبد المجيد
Relator term مؤلف
245 10 - TITLE STATEMENT
Title الأساليب الكمية التطبيقية في إدارة الاعمال التآلف العلمي الثلاثي : الإدراة , بحوث العمليات , الإحصاء /
264 1# - PRODUCTION, PUBLICATION, DISTRIBUTION, MANUFACTURE, AND COPYRIGHT NOTICE
Place of production, publication, distribution, manufacture عمان :
Name of producer, publisher, distributor, manufacturer وائل للنشر،
Date of production, publication, distribution, manufacture, or copyright notice 2008.
300 ## - PHYSICAL DESCRIPTION
Extent 261ص.
650 17 - SUBJECT ADDED ENTRY--TOPICAL TERM
Topical term or geographic name as entry element إدارة الاعمال
650 17 - SUBJECT ADDED ENTRY--TOPICAL TERM
Topical term or geographic name as entry element بحوث العمليات
700 1# - ADDED ENTRY--PERSONAL NAME
Personal name الحميدي، نجم عبد الله
942 ## - ADDED ENTRY ELEMENTS (KOHA)
Source of classification or shelving scheme Dewey Decimal Classification
Koha item type كتب
المقتنيات
حالة السحب حالة الفقدان مصدر التصنيف حالة التلف غير قابل للإعارة المكتبة الرئيسية المكتبة الحالية موقع الرف تاريخ التزويد الرقم المتسلسل Total Checkouts رقم الإستدعاء الباركود تاريخ آخر ظهور تاريخ الفاتورة نوع المادة (كوها)
    Dewey Decimal Classification     المكتبة المركزية المكتبة المركزية الإعارة 28/07/2025 1307463   658/بلد PLD00102963 28/07/2025 28/07/2025 كتب
    Dewey Decimal Classification     المكتبة المركزية المكتبة المركزية الإعارة 20/07/2009 1307472   658/بلد PLD00103070 28/07/2025 20/07/2009 كتب
    Dewey Decimal Classification     المكتبة المركزية المكتبة المركزية مقتنيات قسم التزويد 28/07/2025 1480870   658/بلد   28/07/2025 28/07/2025 كتب
    Dewey Decimal Classification     المكتبة المركزية المكتبة المركزية مقتنيات قسم التزويد 28/07/2025 1643862   658/بلد   28/07/2025 28/07/2025 كتب
    Dewey Decimal Classification     مكتبة أبو علندا العامة مكتبة أبو علندا العامة الإعارة 20/07/2009 1307464   658/بلد PLD00103062 28/07/2025 20/07/2009 كتب
    Dewey Decimal Classification     مكتبة الأميرة ايمان العامة مكتبة الأميرة ايمان العامة الإعارة 20/07/2009 1307465   658/بلد PLD00103063 28/07/2025 20/07/2009 كتب
    Dewey Decimal Classification     مكتبة ومركز فرح مكتبة ومركز فرح الإعارة 20/07/2009 1307469   658/بلد PLD00103067 28/07/2025 20/07/2009 كتب
Implemented & Customized by: BBB with SCIT (Smart Chains for Information Technology)

Powered by Koha